000
00378nam a2200133Ia 4500
003
GCL
008
140319s9999 xx 000 0 ara d
040
_a
GCL /
_c
GCL
082
0
4
_a
250.9
_b
ع ت
245
1
0
_a
تاريخ التشريع الاسلامى
260
_a
[S.N] :
_b
الجامعة العلمية للعلوم الاسلامية ،
_c
1992
300
_a
476 ص
490
_a
999
_c
54542
_d
54542